A lateral theory of phonology (Record no. 197828)
[ view plain ]
| 000 -LEADER | |
|---|---|
| fixed length control field | 01605nam a2200325 a 4500 |
| 100 1# - MAIN ENTRY--AUTHOR NAME | |
| Personal name | Scheer, Tobias. |
| 245 12 - TITLE STATEMENT | |
| Title | A lateral theory of phonology |
| 260 ## - PUBLICATION, DISTRIBUTION, ETC. (IMPRINT) | |
| Place of publication | Boston : |
| Name of publisher | De Gruyter Mouton, |
| Year of publication | 2012. |
| 300 ## - PHYSICAL DESCRIPTION | |
| Number of Pages | xxxiv, 378 p. : |
| Other physical details | ill. (some col.). |
| 490 1# - SERIES STATEMENT | |
| Series statement | Studies in generative grammer, |
| 505 0# - FORMATTED CONTENTS NOTE | |
| Formatted contents note | pt. 1. Desiderata for a non-diacritic theory of the (representational side of) the interface -- pt. 2. Direct Interface and just one channel -- pt. 3. Behaviour and predictions of CVCV in the environment defined. |
| 650 #0 - SUBJECT ADDED ENTRY--TOPICAL TERM | |
| Topical Term | Grammar, Comparative and general |
| Topical Term | Phonetics. |
| 856 40 - ELECTRONIC LOCATION AND ACCESS | |
| Uniform Resource Identifier | http://site.ebrary.com/lib/rucke/Doc?id=10554727 |
No items available.
